| 000 | 01662nam a22002777a 4500 | ||
|---|---|---|---|
| 001 | 5058 | ||
| 003 | FISKH | ||
| 005 | 20241104113150.0 | ||
| 008 | 241104b cb ||||| |||| 00| 0 eng d | ||
| 020 | _a9780439779869 | ||
| 040 |
_aFISKH _beng _cFISKH _dFISKH |
||
| 050 | _aSF416.C48 | ||
| 082 | _a818.540308036 | ||
| 100 | _aCanfield, Jack | ||
| 245 |
_aChicken Soup for the Pet Lover's Soul : _bStories About Pets as Teachers, Healers, Heroes and Friends / _cby Jack Canfield, Marty Becker D.V.M., Mark Victor Hansen, Carol Kline |
||
| 250 | _aFirst Scholastic printing, March 2005 | ||
| 260 |
_aNew York : _bScholastic ; _c1998. |
||
| 300 |
_a403 pages : _billustrations ; _c22 cm . |
||
| 505 | _aZ | ||
| 520 | _aAnimals bring out the goodness, humanity and optimism in people and speak directly to our souls. This joyous, inspiring and entertaining Chicken Soup collection relates the unique bonds between animals and the people whose lives they've changed. Such as the dolphins who helped a paralyzed woman heal when doctors offered little hope; the dog who brought life into a failing marriage; the kitten who helped a mother mourn; and the flying squirrel who taught a man the power of laughter. Packed with celebrity pet-lore, Chicken Soup for the Soul relates the unconditional love, loyalty, courage and companionship that only animals possess. Just like our furry, feathered and four-legged friends, this enchanting book will bring a smile to any pet lover's face ... and it's housebroken! | ||
| 521 | 8 |
_a920
_bLexile |
|
| 521 | 8 |
_aZ
_bRaz-Plus |
|
| 650 |
_ainspirational _vnon-fiction |
||
| 942 |
_2ddc _cBK _n0 |
||
| 999 |
_c5058 _d5058 |
||